El impacto ambiental en la edificación: criterios para una construcción sostenible
Bewaard in:
| Hoofdauteur: | |
|---|---|
| Formaat: | Boek |
| Taal: | Spaans |
| Gepubliceerd in: |
Madrid
Edisofer
2007
|
| Onderwerpen: | |
| Tags: |
Voeg label toe
Geen labels, Wees de eerste die dit record labelt!
|
MARC
| LEADER | 00000cam a2200000 a 4500 | ||
|---|---|---|---|
| 001 | UCG9920 | ||
| 003 | CL-VaPUC | ||
| 008 | 120412e20070000SP |||||||||||||||||spa|d | ||
| 020 | |a 9788496261365 | ||
| 082 | 0 | 4 | |a 363.7 |b ARE |2 21 |
| 100 | 0 | |a Arenas Cabello, Francisco Julio |e author |9 561679 | |
| 245 | 1 | 3 | |a El impacto ambiental en la edificación: criterios para una construcción sostenible |
| 300 | |a 248 p | ||
| 942 | |c BK | ||
| 945 | |d 20120412 00:00:00 |a dcastane | ||
| 260 | |a Madrid |b Edisofer |c 2007 | ||
| 650 | 0 | |a Medio ambiente |9 257625 | |
| 650 | 0 | |a Impacto ambiental |9 262796 | |
| 650 | 0 | |a Gestión ambiental |9 338121 | |
| 650 | 0 | |a Protección del medio ambiente |9 257626 | |
| 650 | 0 | |a Planificación urbana |9 258176 | |
| 583 | |a last modification |c 20120412 10:24:00 |k Rodrigo Vera | ||
| 999 | |c 347446 |d 347444 | ||
| 952 | |0 0 |1 0 |4 0 |6 363_700000000000000_ARE_2007 |7 0 |8 A |9 448782 |a BIBING |b BIBING |d 2019-11-22 |i 4854047 |o 363.7 ARE 2007 |p 4854047 |r 2025-01-20 |w 2019-11-22 |y BK |k GEO | ||